[Event "VII. Solinger Karnevalsopen"]
[Site "Solingen"]
[Date "2016.02.06"]
[Round "2.13"]
[White "Tayyar, Alptug"]
[Black "Rahimi, Rozafa"]
[Result "0-1"]
[WhiteElo "2022"]
[BlackElo "1632"]
[PlyCount "78"]
[EventDate "2016.??.??"]
[WhiteTeam "SW Remscheid"]
[BlackTeam "Hellertaler SF"]

1. e4 b6 2. d4 Bb7 3. Nc3 e6 4. Bd3 Nf6 5. Bg5 Be7 6. Nf3 d5 7. e5 Ne4 8. Bxe7
Qxe7 9. Ne2 c5 10. c3 Nd7 11. O-O Ng5 12. Nd2 g6 13. f4 Ne4 14. Bxe4 dxe4 15.
Ng3 cxd4 16. cxd4 f5 17. exf6 Nxf6 18. Re1 Nd5 19. Ndxe4 O-O 20. Ng5 Nxf4 21.
Qg4 Rae8 22. Re5 Qd6 23. Rd1 Qc6 24. N3e4 Qc2 25. Rd2 Qc4 26. h3 h5 27. Qd1
Bxe4 28. Rxe4 Rf5 29. Nf3 Ref8 30. Kh2 Qd5 31. Re5 Qd6 32. Rd3 Nxd3 33. Qxd3
Kg7 34. Qe4 R8f7 35. Kh1 Rxe5 36. dxe5 Qd1+ 37. Kh2 Qd5 38. Qe3 Qc5 39. Qd2 Qd5
$138 0-1

[Event "VII. Solinger Karnevalsopen"]
[Site "Solingen"]
[Date "2016.02.06"]
[Round "2.14"]
[White "Padva, Leo"]
[Black "Esser, Thomas"]
[Result "1-0"]
[WhiteElo "1843"]
[BlackElo "2003"]
[PlyCount "83"]
[EventDate "2016.??.??"]
[WhiteTeam "SG Porz"]
[BlackTeam "PTSV Aachen"]

1. d4 Nf6 2. Nf3 c5 3. c3 d5 4. Bg5 Ne4 5. Bh4 Qb6 6. Qb3 c4 7. Qxb6 axb6 8.
Nbd2 Nxd2 9. Nxd2 b5 10. e4 e6 11. Be2 Nd7 12. O-O b4 13. exd5 exd5 14. Rfe1
Nf6 15. Bxc4+ Be6 16. Bb5+ Kd8 17. c4 Kc7 18. Rac1 Kb6 19. a4 bxa3 20. bxa3
Rxa3 21. Rb1 Ka7 22. c5 Kb8 23. Ra1 Rxa1 24. Bg3+ Kc8 25. Rxa1 Kd8 26. Ra8+ Bc8
27. c6 bxc6 28. Ba6 Rg8 29. Bxc8 Bb4 30. Nf3 Re8 31. Ne5 Kc7 32. Nxf7+ Kb6 33.
Ne5 Bc3 34. Rb8+ Ka5 35. Nxc6+ Ka4 36. f3 Nh5 37. Bd7 Re2 38. Bd6 Bd2 39. Ne5+
Ka5 40. Bc7+ Ka6 41. Bc8+ Ka7 42. Nc6# 1-0

[Event "VII. Solinger Karnevalsopen"]
[Site "Solingen"]
[Date "2016.02.06"]
[Round "2.15"]
[White "Runte, Dirk"]
[Black "Mühlenhaus, Sven"]
[Result "0-1"]
[WhiteElo "1722"]
[BlackElo "2251"]
[PlyCount "92"]
[EventDate "2016.??.??"]
[WhiteTeam "Fideler Bauer Leverkusen"]
[BlackTeam "Oberbilker SV"]

1. e4 e5 2. Nf3 Nf6 3. Nxe5 Nxe4 4. Qe2 Qe7 5. Qxe4 d6 6. d4 dxe5 7. dxe5 Nc6
8. Bb5 Bd7 9. O-O O-O-O 10. Nc3 a6 11. a4 f5 12. Qf3 Nxe5 13. Bxd7+ Qxd7 14.
Qe3 Nc6 15. h3 Re8 16. Qg3 h6 17. Rd1 Qf7 18. Be3 g5 19. Bd4 Bd6 20. Qf3 Rhg8
21. Qd5 Qxd5 22. Nxd5 Nxd4 23. Rxd4 Re2 24. Rc4 Rd2 25. Ne3 Rf8 26. Rd1 Rxd1+
27. Nxd1 Kd7 28. Nc3 Re8 29. Kf1 Be5 30. g3 Re6 31. b4 Rc6 32. Rxc6 Kxc6 33.
Nd1 b5 34. a5 Bd6 35. c3 Kd5 36. Ke2 Kc4 37. Kd2 f4 38. Kc2 c5 39. Nb2+ Kd5 40.
gxf4 cxb4 41. fxg5 hxg5 42. cxb4 Bxb4 43. Nd3 Bxa5 44. f4 gxf4 45. Nxf4+ Ke4
46. Nd3 Bb6 0-1

[Event "VII. Solinger Karnevalsopen"]
[Site "Solingen"]
[Date "2016.02.06"]
[Round "2.16"]
[White "Gawlick, Joachim"]
[Black "Görke, Joachim"]
[Result "1/2-1/2"]
[WhiteElo "1824"]
[BlackElo "2127"]
[PlyCount "70"]
[EventDate "2016.??.??"]
[WhiteTeam "SC Gerthe - Werne"]
[BlackTeam "SG Solingen"]

1. d4 Nf6 2. Nf3 g6 3. g3 Bg7 4. c4 d6 5. Bg2 O-O 6. O-O c6 7. Nc3 Bg4 8. Qb3
Qb6 9. Qxb6 axb6 10. e4 Na6 11. h3 Be6 12. b3 c5 13. Be3 Nb4 14. a4 cxd4 15.
Nxd4 Nd7 16. Nd5 Bxd5 17. exd5 Bxd4 18. Bxd4 Nc2 19. Rad1 Nc5 20. Bxc5 bxc5 21.
Rd3 Ra6 22. Rc1 Nd4 23. Re3 Re8 24. h4 f5 25. f4 Rb6 26. Rcc3 Kf7 27. Kf2 Kf6
28. Bf3 h6 29. g4 e5 30. dxe6 Rxe6 31. g5+ hxg5 32. hxg5+ Ke7 33. Rxe6+ Nxe6
34. Re3 Kd7 35. Kg3 Nd4 1/2-1/2

[Event "VII. Solinger Karnevalsopen"]
[Site "Solingen"]
[Date "2016.02.06"]
[Round "2.17"]
[White "Spradley, Julian"]
[Black "Rosenauer, Horst"]
[Result "1/2-1/2"]
[WhiteElo "1744"]
[BlackElo "1948"]
[PlyCount "116"]
[EventDate "2016.??.??"]
[WhiteTeam "SV Erftstadt"]
[BlackTeam "Bergische SF"]

1. d4 Nf6 2. Bg5 Ne4 3. Bf4 d5 4. e3 Nd7 5. Bd3 Ndf6 6. f3 Nd6 7. g4 e6 8. c3
Bd7 9. Nd2 Bc6 10. Qc2 h6 11. Nh3 Be7 12. Nf2 Qd7 13. O-O-O Ba4 14. b3 Bb5 15.
e4 Bxd3 16. Qxd3 Nb5 17. Nb1 c5 18. e5 Ng8 19. Kd2 cxd4 20. cxd4 Bb4+ 21. Ke2
Ne7 22. a4 Nc7 23. Bd2 Nc6 24. Nc3 a6 25. Rc1 Ba3 26. Rb1 Be7 27. Qe3 Bg5 28.
f4 Be7 29. Nd3 g6 30. Qf2 Nb4 31. Nxb4 Bxb4 32. Na2 Bxd2 33. Kxd2 Qe7 34. Rhc1
h5 35. g5 O-O 36. Rc3 Qa3 37. Ke1 Ne8 38. Qb2 Qe7 39. Rbc1 Ng7 40. Rc7 Qd8 41.
Rxb7 Rc8 42. Rxc8 Qxc8 43. Rb6 Nf5 44. Kd2 Qc7 45. a5 Rc8 46. Nb4 Nxd4 47. Qxd4
Qc1+ 48. Ke2 Qh1 49. Nc6 Kg7 50. Rxa6 Qg2+ 51. Ke1 Qh1+ 52. Ke2 Qxh2+ 53. Kd1
Qh1+ 54. Ke2 Qg2+ 55. Qf2 Qe4+ 56. Kd2 Qb1 57. Rb6 Qb2+ 58. Ke1 Qc1+ 1/2-1/2

[Event "VII. Solinger Karnevalsopen"]
[Site "Solingen"]
[Date "2016.02.06"]
[Round "2.18"]
[White "Best, Florian"]
[Black "Raygrotzki, Norbert"]
[Result "0-1"]
[WhiteElo "1501"]
[BlackElo "1925"]
[PlyCount "82"]
[EventDate "2016.??.??"]
[WhiteTeam "SF Hillscheid"]
[BlackTeam "SV Dinslaken"]

1. d4 Nf6 2. c4 c5 3. d5 b5 4. b3 bxc4 5. bxc4 g6 6. Qc2 Bg7 7. Bb2 d6 8. Nd2
O-O 9. Ngf3 Nbd7 10. e3 Rb8 11. Bd3 Rxb2 12. Qxb2 Nxd5 13. Qa3 Bxa1 14. cxd5
Qb6 15. Ke2 Bb2 16. Qb3 Qxb3 17. axb3 Nb6 18. Nc4 Bg7 19. Nxb6 axb6 20. Nd2 Bd7
21. Nc4 Rb8 22. Rb1 Bc3 23. Kd1 b5 24. Na3 e6 25. dxe6 fxe6 26. Kc2 b4 27. Nc4
d5 28. Nd2 Ra8 29. Rd1 Ra2+ 30. Kc1 Kf7 31. Bc2 Ra1+ 32. Bb1 Bb5 33. Kc2 Ke7
34. f3 Bxd2 35. Rxd2 c4 36. Rd1 Ra3 37. bxc4 Ba4+ 38. Kd2 Bxd1 39. Kxd1 dxc4
40. e4 Kd6 41. Kd2 Kc5 0-1

[Event "VII. Solinger Karnevalsopen"]
[Site "Solingen"]
[Date "2016.02.06"]
[Round "2.19"]
[White "Koellner, Ulrich"]
[Black "Schulten, Sandro"]
[Result "1-0"]
[WhiteElo "1820"]
[BlackElo "1530"]
[PlyCount "81"]
[EventDate "2016.??.??"]
[WhiteTeam "SV Hofheim"]
[BlackTeam "BW Concordia Viersen"]

1. d4 d5 2. c4 c6 3. Nf3 Nf6 4. Nc3 dxc4 5. a4 Bf5 6. e3 e6 7. Bxc4 Bd6 8. O-O
O-O 9. Re1 Ne4 10. Bd3 Nxc3 11. bxc3 Bxd3 12. Qxd3 f5 13. Bb2 Nd7 14. Qc4 Qf6
15. e4 Nb6 16. Qb3 fxe4 17. Rxe4 Nd5 18. Rae1 Rae8 19. Bc1 b6 20. c4 Nc7 21. h3
Kh8 22. Qe3 c5 23. Bb2 Bf4 24. Qe2 Qf7 25. dxc5 bxc5 26. Be5 Bxe5 27. Rxe5 Qe7
28. Qe3 Rf6 29. Qxc5 Na6 30. Qe3 Kg8 31. Ng5 Nc7 32. Qxa7 Ra8 33. Qe3 Rxa4 34.
c5 Nd5 35. Rxd5 Ra6 36. Re5 Ra2 37. Re2 Ra1+ 38. Kh2 Qd7 39. Rxe6 Qc7+ 40. Qe5
Rxe6 41. Qxc7 1-0

[Event "VII. Solinger Karnevalsopen"]
[Site "Solingen"]
[Date "2016.02.06"]
[Round "2.20"]
[White "Pan, Yun"]
[Black "Schleining, Zoya"]
[Result "0-1"]
[WhiteElo "1673"]
[BlackElo "2354"]
[PlyCount "120"]
[EventDate "2016.??.??"]
[WhiteTeam "Fideler Bauer Leverkusen"]
[BlackTeam "SV Letmathe"]

1. e4 c5 2. Nf3 Nc6 3. d4 cxd4 4. Nxd4 Qc7 5. c4 Nf6 6. Nc3 e6 7. Nxc6 dxc6 8.
Qc2 e5 9. Be2 Be7 10. O-O O-O 11. Be3 Be6 12. f3 Nd7 13. Rfc1 f6 14. Rab1 Bf7
15. b4 a5 16. a3 axb4 17. axb4 Ra3 18. b5 Bc5 19. Bxc5 Nxc5 20. b6 Qe7 21. Ra1
Ne6 22. Qb2 Rfa8 23. Rxa3 Qxa3 24. Qxa3 Rxa3 25. Bd1 Nc5 26. Be2 Kf8 27. Kf2
Ke7 28. Rc2 Rb3 29. Nd1 Rxb6 30. Ne3 g6 31. h4 Rb3 32. h5 Ne6 33. hxg6 hxg6 34.
c5 Nd4 35. Rc1 Rb2 36. Re1 Nb3 37. Kg3 Nxc5 38. Bc4 Bxc4 39. Nxc4 Rc2 40. Ne3
Rc3 41. Ng4 b5 42. Rh1 Nxe4+ 43. Kh4 g5+ 44. Kh5 Ng3+ 45. Kg6 Nxh1 46. Nxf6 Ng3
47. Kxg5 b4 48. Ng4 Ke6 49. Nf2 b3 50. Kg4 Ne2 51. Nd1 Rc1 52. Nb2 Rc2 53. Nd3
b2 54. Nxb2 Rxb2 55. g3 c5 56. f4 Rb3 57. fxe5 Rxg3+ 58. Kh4 c4 59. Kh5 c3 60.
Kh6 c2 0-1

[Event "VII. Solinger Karnevalsopen"]
[Site "Solingen"]
[Date "2016.02.06"]
[Round "2.21"]
[White "Grunwald, Günther"]
[Black "Rahimi, Rahim"]
[Result "0-1"]
[WhiteElo "1664"]
[BlackElo "2083"]
[PlyCount "74"]
[EventDate "2016.??.??"]
[WhiteTeam "SW Oberhausen"]
[BlackTeam "Hellertaler SF"]

1. e4 b6 2. d4 Bb7 3. Bd3 e6 4. Nf3 Nf6 5. Nc3 d6 6. O-O Nbd7 7. h3 e5 8. dxe5
dxe5 9. Re1 h6 10. a3 a5 11. Bc4 c6 12. b3 b5 13. Bd3 Bc5 14. Bb2 Qe7 15. Nb1
Rd8 16. Qe2 Nh5 17. Nxe5 Nf4 18. Qg4 Nxe5 19. Qxg7 Nfg6 20. Kf1 Qh4 21. Re2 Bf8
22. Qxh8 Nxh8 23. Bxe5 Ng6 24. Bg3 Qg5 25. Nd2 Bg7 26. Nf3 Qc5 27. e5 Bc8 28.
Rae1 Be6 29. Nd2 Qxa3 30. f4 Ne7 31. Ne4 Rxd3 32. cxd3 Qxb3 33. Nd6+ Kf8 34.
Rd2 Nf5 35. Ne4 Bd5 36. Kf2 Bxe4 37. Rxe4 Qc3 0-1

[Event "VII. Solinger Karnevalsopen"]
[Site "Solingen"]
[Date "2016.02.06"]
[Round "2.22"]
[White "Gutt, Stefan"]
[Black "Bashylina, Luisa"]
[Result "1/2-1/2"]
[WhiteElo "1950"]
[BlackElo "1624"]
[PlyCount "63"]
[EventDate "2016.??.??"]
[WhiteTeam "Bergische SF"]
[BlackTeam "SG Solingen"]

1. d4 Nf6 2. Nf3 g6 3. c4 Bg7 4. Nc3 d6 5. e4 O-O 6. Be2 Nfd7 7. O-O e5 8. Bg5
f6 9. Be3 Nc6 10. d5 Ne7 11. Ne1 f5 12. f4 fxe4 13. fxe5 Nxe5 14. Nxe4 Nf5 15.
Bf2 Bd7 16. Qc2 Qe7 17. Nd3 Nxd3 18. Bxd3 Rae8 19. Rae1 Qd8 20. b4 a6 21. a3 b6
22. c5 Nd4 23. Qd1 dxc5 24. bxc5 bxc5 25. Nxc5 a5 26. Bc4 Rxe1 27. Rxe1 Nf5 28.
d6+ Kh8 29. dxc7 Qxc7 30. Qxd7 Qf4 31. Qd5 Ne7 32. Bg3 1/2-1/2

[Event "VII. Solinger Karnevalsopen"]
[Site "Solingen"]
[Date "2016.02.06"]
[Round "2.23"]
[White "Vranidis, Athanassios"]
[Black "Ehringfeld, Michael"]
[Result "1-0"]
[WhiteElo "1945"]
[BlackElo "1603"]
[PlyCount "76"]
[EventDate "2016.??.??"]
[WhiteTeam "SG Solingen"]
[BlackTeam "SG Solingen"]

1. d4 d5 2. c4 c6 3. Nf3 Nf6 4. Nc3 e6 5. cxd5 cxd5 6. Bg5 h6 7. Bh4 g5 8. Bg3
Bg7 9. e3 a6 10. Bd3 Bd7 11. Ne5 Nc6 12. a3 h5 13. h3 Ng8 14. Nf3 Rc8 15. Rc1
b5 16. b4 Bf6 17. Nd2 Qb6 18. Nb3 Be7 19. Nc5 Bxc5 20. dxc5 Qb7 21. h4 g4 22.
O-O Nge7 23. f3 e5 24. e4 d4 25. Nd5 Ng6 26. fxg4 hxg4 27. Nf6+ Ke7 28. Nxg4
Nxh4 29. Nxe5 Nxe5 30. Bxe5 Rh7 31. Qd2 Rg8 32. Bf6+ Ke8 33. Bxh4 Rxh4 34. Qf2
Bh3 35. Qxh4 Qd7 36. Rc2 Qe6 37. Rcf2 Bg4 38. Rxf7 Qg6 1-0

[Event "VII. Solinger Karnevalsopen"]
[Site "Solingen"]
[Date "2016.02.06"]
[Round "2.24"]
[White "Vehmeyer, Thomas"]
[Black "Rudolph, Eva"]
[Result "1-0"]
[WhiteElo "1854"]
[BlackElo "1534"]
[PlyCount "81"]
[EventDate "2016.??.??"]
[WhiteTeam "SF Lohmar"]
[BlackTeam "Düsseldorfer SK"]

1. e4 e5 2. Nc3 Nf6 3. f4 d5 4. fxe5 Nxe4 5. Nf3 Be7 6. d4 O-O 7. Bd3 Bf5 8.
O-O Nxc3 9. bxc3 Bxd3 10. Qxd3 c5 11. Qf5 Nc6 12. Ng5 Bxg5 13. Bxg5 Qc7 14. Bf6
Ne7 15. Qg5 Ng6 16. Rf3 h6 17. Qh5 cxd4 18. Raf1 Kh7 19. Rh3 Rh8 20. Bg5 Kg8
21. e6 Ne5 22. Bf4 f6 23. cxd4 Qb6 24. Bxe5 fxe5 25. Qxe5 Rf8 26. Rxf8+ Kxf8
27. Rf3+ Kg8 28. e7 Kh7 29. e8=Q Rxe8 30. Qxe8 Qxd4+ 31. Qe3 Qa1+ 32. Rf1 Qxa2
33. Qd3+ Kg8 34. Rd1 Kh8 35. Re1 Kg8 36. Re8+ Kf7 37. Qe2 Qb1+ 38. Kf2 a5 39.
Re7+ Kf6 40. Qe5+ Kg6 41. Rxg7# 1-0

[Event "VII. Solinger Karnevalsopen"]
[Site "Solingen"]
[Date "2016.02.06"]
[Round "2.25"]
[White "Tanz, Manfred"]
[Black "Spindler, Florian"]
[Result "0-1"]
[WhiteElo "1604"]
[BlackElo "1847"]
[PlyCount "86"]
[EventDate "2016.??.??"]
[WhiteTeam "Vohwinkeler SC"]
[BlackTeam "SG Porz"]

1. d4 Nf6 2. c4 g6 3. Nc3 Bg7 4. e4 d6 5. Nf3 O-O 6. d5 Nbd7 7. Qc2 e5 8. Bd2
Nc5 9. Be2 a5 10. Rb1 Nh5 11. Ng5 Nf4 12. Bxf4 exf4 13. Nf3 f5 14. O-O Bxc3 15.
Qxc3 fxe4 16. Nd4 Qg5 17. Kh1 Bd7 18. Rg1 e3 19. f3 Bf5 20. Rbd1 Nd7 21. g4
fxg3 22. Rxg3 Qh6 23. Rdg1 Ne5 24. Nxf5 Rxf5 25. R1g2 b6 26. Qc1 Raf8 27. Qf1
Rf4 28. b3 Rd4 29. h3 Rff4 30. Qg1 Rh4 31. Kh2 Qf4 32. Kh1 Rd2 33. a3 Qh6 34.
Qh2 Rhd4 35. Qg1 Rb2 36. Qa1 Rdd2 37. Qf1 Qf4 38. b4 Rxe2 39. Rxg6+ hxg6 40.
Rxe2 Rxe2 41. Qxe2 Qxf3+ 42. Qxf3 Nxf3 43. Kg2 e2 0-1

[Event "VII. Solinger Karnevalsopen"]
[Site "Solingen"]
[Date "2016.02.06"]
[Round "2.26"]
[White "Müller, Hans-Peter"]
[Black "Fränzel, Dr. Marius"]
[Result "1/2-1/2"]
[WhiteElo "1545"]
[BlackElo "1821"]
[PlyCount "64"]
[EventDate "2016.??.??"]
[WhiteTeam "SV Dinslaken"]
[BlackTeam "SG Solingen"]

1. d4 d5 2. Nf3 Nf6 3. Bf4 Bf5 4. e3 a6 5. Nbd2 e6 6. a3 c5 7. c3 c4 8. Be2 Nc6
9. O-O Be7 10. Qe1 O-O 11. Nh4 Bg6 12. Nxg6 hxg6 13. Bf3 b5 14. e4 dxe4 15.
Nxe4 Nd5 16. Bg3 Qd7 17. Rd1 f5 18. Nc5 Bxc5 19. dxc5 f4 20. Bh4 Rf5 21. Bg4
Re5 22. Qd2 g5 23. Bxg5 Rxg5 24. h3 Ne5 25. Rfe1 Nxg4 26. hxg4 Qc6 27. Qd4 Re8
28. Re5 Rxe5 29. Qxe5 Qxc5 30. Rd4 Qe7 31. Rd2 Qc7 32. Rxd5 Qxe5 1/2-1/2

[Event "VII. Solinger Karnevalsopen"]
[Site "Solingen"]
[Date "2016.02.06"]
[Round "2.27"]
[White "Prieb, Robert"]
[Black "Meckel, Helmut"]
[Result "1/2-1/2"]
[WhiteElo "1494"]
[BlackElo "1793"]
[PlyCount "60"]
[EventDate "2016.??.??"]
[WhiteTeam "SchachAkademiePaderborn"]
[BlackTeam "SG Solingen"]

1. d4 Nf6 2. Nf3 e6 3. c4 Bb4+ 4. Bd2 Qe7 5. e3 Bxd2+ 6. Qxd2 d5 7. Nc3 Bd7 8.
Bd3 Bc6 9. Ne5 dxc4 10. Nxc6 Nxc6 11. Bxc4 Rd8 12. O-O Ne5 13. Qe2 Ng6 14. Rad1
c6 15. e4 Qc7 16. Bb3 O-O 17. d5 Nf4 18. Qf3 exd5 19. exd5 N4xd5 20. Nxd5 Nxd5
21. Bxd5 cxd5 22. Rxd5 Rxd5 23. Qxd5 Rd8 24. Qe4 h6 25. h3 Rd2 26. Qb4 Qd7 27.
Re1 Rd6 28. Qe4 Re6 29. Qb1 Rg6 30. Qe4 Re6 1/2-1/2

[Event "VII. Solinger Karnevalsopen"]
[Site "Solingen"]
[Date "2016.02.06"]
[Round "2.28"]
[White "Ipekyilmaz, Tayfun"]
[Black "Ipekyilmaz, Mert"]
[Result "1/2-1/2"]
[WhiteElo "1771"]
[BlackElo "1471"]
[PlyCount "50"]
[EventDate "2016.??.??"]
[WhiteTeam "Langenfelder SF"]
[BlackTeam "Langenfelder SF"]

1. e4 e6 2. d4 d5 3. exd5 exd5 4. Bd3 Bd6 5. Ne2 Ne7 6. Nbc3 c6 7. O-O O-O 8.
Bf4 Bf5 9. Bxf5 Nxf5 10. Bxd6 Nxd6 11. Qd3 Nd7 12. Qf3 Qf6 13. Qxf6 Nxf6 14.
Ng3 Rfe8 15. Rfe1 Nfe4 16. Ngxe4 Nxe4 17. Nxe4 Rxe4 18. c3 Rae8 19. Kf1 f5 20.
f3 Rxe1+ 21. Rxe1 Rxe1+ 22. Kxe1 h5 23. f4 h4 24. Kf2 Kf7 25. Kf3 Kf6 1/2-1/2

[Event "VII. Solinger Karnevalsopen"]
[Site "Solingen"]
[Date "2016.02.06"]
[Round "2.29"]
[White "Reinacher, Detlev"]
[Black "Zimdars, Wolfgang"]
[Result "1/2-1/2"]
[WhiteElo "1759"]
[BlackElo "1528"]
[PlyCount "108"]
[EventDate "2016.??.??"]
[WhiteTeam "SC Hansa Dortmund"]
[BlackTeam "SG Solingen"]

1. e4 c6 2. d3 d5 3. Nd2 dxe4 4. dxe4 Nd7 5. g3 e5 6. Bg2 Ngf6 7. Ngf3 Be7 8.
O-O O-O 9. c3 Qc7 10. Qc2 Re8 11. a3 b6 12. b4 c5 13. b5 Bb7 14. c4 Nf8 15. Bb2
N6d7 16. Nb1 Ne6 17. Nc3 Nd4 18. Nxd4 exd4 19. Nd5 Bxd5 20. exd5 Bd6 21. Rfe1
Nf6 22. Qd2 Qd7 23. a4 Rxe1+ 24. Rxe1 Re8 25. Bc1 h6 26. a5 Re7 27. Kf1 Kf8 28.
a6 Rxe1+ 29. Qxe1 Qe7 30. h3 Nd7 31. Qxe7+ Kxe7 32. f4 f5 33. g4 fxg4 34. hxg4
Nf6 35. Bf3 Kf7 36. Kf2 Ke7 37. Ke2 Kf7 38. Kd3 Ke7 39. g5 hxg5 40. fxg5 Nd7
41. Be2 Ne5+ 42. Ke4 g6 43. Bd2 Nf7 44. Bf1 Bg3 45. Kf3 Bh2 46. Kg2 Bd6 47. Kh3
Be5 48. Bd3 Nh8 49. Kg4 Kd6 50. Bf4 Bxf4 51. Kxf4 Ke7 52. Bf1 Kd6 53. Bd3 Ke7
54. Bb1 Kd6 1/2-1/2

[Event "VII. Solinger Karnevalsopen"]
[Site "Solingen"]
[Date "2016.02.06"]
[Round "2.30"]
[White "Schmuck, Markus"]
[Black "Kreutzmann, Duke"]
[Result "1/2-1/2"]
[WhiteElo "1931"]
[BlackElo "1754"]
[PlyCount "84"]
[EventDate "2016.??.??"]
[WhiteTeam "vereinslos"]
[BlackTeam "Düsseldorfer SK"]

1. d4 e6 2. c4 Bb4+ 3. Bd2 Qe7 4. e3 Nf6 5. Bd3 b6 6. Nf3 Bb7 7. Qc2 Bxd2+ 8.
Nbxd2 d6 9. O-O Nbd7 10. e4 e5 11. d5 a5 12. Rfe1 O-O 13. Nf1 Nc5 14. Ng3 Bc8
15. Rad1 Bg4 16. Be2 Bxf3 17. Bxf3 g6 18. Qd2 Kg7 19. Qg5 Kh8 20. h4 Ng8 21.
Bg4 Qxg5 22. hxg5 h6 23. gxh6 Nxh6 24. Bh3 Kg7 25. f3 f5 26. Rd2 Rae8 27. exf5
gxf5 28. b3 Kg6 29. Ne2 Kg5 30. g3 Rg8 31. Nc1 e4 32. f4+ Kf6 33. Re3 Rg7 34.
a3 a4 35. b4 Nb3 36. Nxb3 axb3 37. Rde2 Reg8 38. Kf2 Rh7 39. Rxb3 Nf7 40. Bg2
Nh6 41. Bh3 Nf7 42. Bg2 Nh6 1/2-1/2

[Event "VII. Solinger Karnevalsopen"]
[Site "Solingen"]
[Date "2016.02.06"]
[Round "2.31"]
[White "Sewald, Kathrin"]
[Black "Beißel, Daniel"]
[Result "1-0"]
[WhiteElo "1754"]
[BlackElo "1499"]
[PlyCount "85"]
[EventDate "2016.??.??"]
[WhiteTeam "SG Porz"]
[BlackTeam "SV Horrem"]

1. e4 c5 2. Nc3 Nc6 3. f4 d6 4. Nf3 e6 5. d3 g6 6. Ne2 Bg7 7. c3 Nge7 8. Ng3 d5
9. e5 h5 10. Ne2 Nf5 11. g3 b5 12. a4 b4 13. Bh3 a5 14. Bxf5 gxf5 15. O-O Ba6
16. Qc2 Bf8 17. c4 d4 18. b3 Be7 19. h4 Nb8 20. Kf2 Qc7 21. Neg1 Bb7 22. Ke1
Bd8 23. Kd1 Nc6 24. Nh3 Ne7 25. Nhg5 Ng8 26. Nh2 Nh6 27. Qe2 Ng8 28. Kc2 Kf8
29. Bd2 Kg7 30. Rf2 Kg6 31. Raf1 Nh6 32. Kb2 Qe7 33. Re1 Bb6 34. Qf1 Ng4 35.
Nxg4 hxg4 36. Rh2 Rh5 37. Qe2 Rg8 38. Ne4 fxe4 39. Qxg4+ Kh6 40. Qxg8 e3 41. g4
f6 42. g5+ fxg5 43. hxg5+ 1-0

[Event "VII. Solinger Karnevalsopen"]
[Site "Solingen"]
[Date "2016.02.06"]
[Round "2.32"]
[White "Fodor, Bernhard"]
[Black "Bussard, Achim"]
[Result "0-1"]
[WhiteElo "1315"]
[BlackElo "1747"]
[PlyCount "72"]
[EventDate "2016.??.??"]
[WhiteTeam "SG Solingen"]
[BlackTeam "SG Niederkassel"]

1. f4 d5 2. Nf3 Nf6 3. d3 e6 4. g3 Be7 5. Nc3 O-O 6. Bd2 c5 7. e4 dxe4 8. dxe4
Nc6 9. Bg2 a6 10. O-O Qc7 11. Ne5 Nxe5 12. fxe5 Qxe5 13. Qe2 Qc7 14. e5 Nd7 15.
Bf4 Qb6 16. b3 f5 17. h4 Qb4 18. Rf3 Rb8 19. a3 Qb6 20. Na4 Qc7 21. c4 b5 22.
Nb2 Bb7 23. Re3 Bxg2 24. Kxg2 Nb6 25. Rd1 Qc6+ 26. Kh2 Rfd8 27. Rd6 Bxd6 28.
exd6 Qd7 29. Rxe6 Re8 30. Re7 Rxe7 31. dxe7 Re8 32. Qe5 Qxe7 33. Nd3 bxc4 34.
bxc4 Qxe5 35. Nxe5 Rxe5 36. Bxe5 Nxc4 0-1

[Event "VII. Solinger Karnevalsopen"]
[Site "Solingen"]
[Date "2016.02.06"]
[Round "2.33"]
[White "Lenarth, Markus"]
[Black "Humbek, Olav"]
[Result "0-1"]
[WhiteElo "947"]
[BlackElo "1740"]
[PlyCount "78"]
[EventDate "2016.??.??"]
[WhiteTeam "Fideler Bauer Leverkusen"]
[BlackTeam "SF Lohmar"]

1. e4 b6 2. Nf3 Bb7 3. Nc3 e6 4. d4 Bb4 5. d5 Nf6 6. Bg5 h6 7. Bxf6 Qxf6 8. e5
Bxc3+ 9. bxc3 Qg6 10. c4 Qe4+ 11. Be2 exd5 12. cxd5 Bxd5 13. O-O O-O 14. Qd3
Nc6 15. Qxe4 Bxe4 16. Rad1 Rad8 17. c3 Bxf3 18. Bxf3 Nxe5 19. Be4 d6 20. f4 Ng4
21. Rf3 Rfe8 22. Bc6 Re2 23. a4 Ne3 24. Rd3 Nxg2 25. Rf2 Rxf2 26. Kxf2 Nxf4 27.
Rf3 g5 28. h4 d5 29. hxg5 hxg5 30. Rg3 f6 31. Rg1 Rd6 32. Bb7 c5 33. Rd1 Kf7
34. Kf3 Ke7 35. Kg4 d4 36. cxd4 Rxd4 37. Re1+ Kf7 38. Kf5 Ng2 39. Re6 Rf4# 0-1

[Event "VII. Solinger Karnevalsopen"]
[Site "Solingen"]
[Date "2016.02.06"]
[Round "2.35"]
[White "Hufnagel, Markus"]
[Black "Kuckert, Kai"]
[Result "1-0"]
[WhiteElo "1693"]
[BlackElo "1241"]
[PlyCount "53"]
[EventDate "2016.??.??"]
[WhiteTeam "SW Oberhausen"]
[BlackTeam "Fideler Bauer Leverkusen"]

1. c4 e5 2. Nc3 Nf6 3. g3 Bc5 4. e3 Nc6 5. Bg2 O-O 6. Nge2 d6 7. O-O Be6 8. d4
exd4 9. exd4 Bxd4 10. Nxd4 Bxc4 11. Nxc6 bxc6 12. Ne2 d5 13. Bg5 d4 14. b3 Bb5
15. Re1 d3 16. Nf4 d2 17. Re3 Qd6 18. Bxf6 gxf6 19. Qg4+ Kh8 20. Be4 Rg8 21.
Qd1 Rad8 22. Bd3 Bxd3 23. Nxd3 Qd4 24. Rb1 Rge8 25. Rxe8+ Rxe8 26. Qxd2 Qe4 27.
Re1 1-0

[Event "VII. Solinger Karnevalsopen"]
[Site "Solingen"]
[Date "2016.02.06"]
[Round "2.37"]
[White "Meißner, Michael"]
[Black "Coenen, Siegfried"]
[Result "0-1"]
[WhiteElo "1882"]
[BlackElo "2073"]
[PlyCount "90"]
[EventDate "2016.??.??"]
[WhiteTeam "Oberbilker SV"]
[BlackTeam "SG Hochneukirch"]

1. e4 e5 2. Nf3 Nf6 3. Nxe5 d6 4. Nf3 Nxe4 5. Nc3 Nxc3 6. dxc3 Be7 7. Be3 O-O
8. Qd2 Nc6 9. O-O-O Ne5 10. Rg1 Be6 11. Nd4 Bd7 12. Be2 c5 13. Nf3 Ng4 14. Bxc5
Qa5 15. Bxd6 Qxa2 16. Qd5 Qxd5 17. Rxd5 Rfe8 18. Bxe7 Rxe7 19. Rgd1 Nf6 20.
R5d2 Rae8 21. Bc4 Bc6 22. Nh4 g6 23. Rd8 Kg7 24. Rxe8 Rxe8 25. Bd3 Re5 26. Kd2
Rh5 27. g3 Ng4 28. Be2 Rd5+ 29. Ke1 Re5 30. f4 Re7 31. h3 Ne3 32. Rd2 Nc4 33.
Rd4 Nxb2 34. Kd2 Na4 35. Nf3 f6 36. Rd6 Nc5 37. Rd8 Ne4+ 38. Kd3 Nxg3 39. Bd1
Be4+ 40. Kd4 Nf5+ 41. Kc5 Rc7+ 42. Kb4 Ne3 43. Nd4 Nd5+ 44. Ka5 Re7 45. c4 b6+
0-1

[Event "VII. Solinger Karnevalsopen"]
[Site "Solingen"]
[Date "2016.02.06"]
[Round "3.1"]
[White "Wegerle, Jörg"]
[Black "König, Falk"]
[Result "1-0"]
[WhiteElo "2440"]
[BlackElo "2066"]
[PlyCount "73"]
[EventDate "2016.??.??"]
[WhiteTeam "SG Solingen"]
[BlackTeam "SF Vonkeln"]

1. d4 d5 2. Bg5 c6 3. e3 Qb6 4. Qc1 Bf5 5. Nf3 Nd7 6. c4 e6 7. Nc3 Ngf6 8. Be2
dxc4 9. O-O Be7 10. Nd2 Bd3 11. Nxc4 Bxc4 12. Bxc4 Qd8 13. Bf4 O-O 14. Be2 Nd5
15. Bg3 Bh4 16. e4 Nxc3 17. bxc3 Bxg3 18. hxg3 e5 19. Rb1 Qc7 20. f4 exd4 21.
cxd4 Nf6 22. Bf3 Qd7 23. Qc4 Rfd8 24. e5 Nd5 25. Bxd5 cxd5 26. Qb5 Rab8 27.
Qxd7 Rxd7 28. Rfc1 Kf8 29. Kf2 Ke7 30. g4 g6 31. Rb3 Rh8 32. Ra3 a6 33. f5 h5
34. f6+ Ke8 35. Rc8+ Rd8 36. Rac3 hxg4 37. R3c7 1-0

[Event "VII. Solinger Karnevalsopen"]
[Site "Solingen"]
[Date "2016.02.06"]
[Round "3.2"]
[White "Borchert, Stephan"]
[Black "Michalczak, Thomas"]
[Result "0-1"]
[WhiteElo "1956"]
[BlackElo "2248"]
[PlyCount "110"]
[EventDate "2016.??.??"]
[WhiteTeam "SG Solingen"]
[BlackTeam "SG Solingen"]

1. e4 c5 2. Nf3 Nc6 3. c3 Nf6 4. e5 Nd5 5. d4 cxd4 6. cxd4 d6 7. Bc4 Nb6 8. Bb5
dxe5 9. Nxe5 Bd7 10. Nxd7 Qxd7 11. Nc3 Rd8 12. Be3 e6 13. Qg4 h5 14. Qf3 Nd5
15. O-O a6 16. Bxc6 Qxc6 17. Rac1 Be7 18. Ne4 Qa4 19. Nc3 Qa5 20. a3 Nxc3 21.
Rxc3 Qd5 22. Qxd5 Rxd5 23. Rc7 Rd7 24. Rfc1 Bd8 25. Rc8 O-O 26. R1c5 h4 27. h3
Bf6 28. Kf1 Rxc8 29. Rxc8+ Kh7 30. Rb8 Kg6 31. Ke2 Kf5 32. Kf3 e5 33. dxe5 Bxe5
34. Rc8 Bxb2 35. Rc5+ Ke6 36. a4 f6 37. Ke4 g6 38. Rc8 Re7 39. Kd3 Rd7+ 40. Ke4
Re7 41. Kd3 g5 42. Kc4 Be5 43. Bb6 Kd7 44. Rc5 Bd6 45. Rd5 Kc6 46. Rxd6+ Kxd6
47. Bc5+ Kd7 48. Bxe7 Kxe7 49. Kc5 Kd7 50. Kb6 Kc8 51. g4 Kb8 52. a5 Kc8 53. f3
Kb8 54. Kc5 Kc7 55. Kd5 b6 0-1